Normal view
MARC view
Entry Topical Term
001 - CONTROL NUMBER
- control field: 478109
003 - CONTROL NUMBER IDENTIFIER
- control field: OSt
005 - DATE AND TIME OF LATEST TRANSACTION
- control field: 20220928131431.0
008 - FIXED-LENGTH DATA ELEMENTS
- fixed length control field: 220928|| aca||aabn | a|a d
040 ## - CATALOGING SOURCE
- Original cataloging agency: OSt
- Transcribing agency: OSt
150 ## - HEADING--TOPICAL TERM
- Topical term or geographic name entry element: Cervantes-Don Quixote
670 ## - SOURCE DATA FOUND
- Source citation: Work cat.: (OSt)790609: De Cervantes Miguel 467352, Ingenious Hidalgo Don Quixote de la Mancha., 2000
